| 000 | 00631nam a2200169 a 4500 | ||
|---|---|---|---|
| 008 | 060316s1993 ||||||||||||||||| || u | ||
| 020 | _a0412367408 | ||
| 050 | _aTA 418.9.C6 Cha | ||
| 100 | _aChawla, Krishan Kumar, 1942- | ||
| 245 | 1 | 0 | _aCeramic matrix composites |
| 260 |
_aLondon : _bChapman & Hall _c1993 |
||
| 300 | _axii, 423 p. : ill. | ||
| 350 | _a0.00 | ||
| 500 | _aIncludes bibliographical references and indexes. | ||
| 650 | _aCERAMIC--MATRIX COMPOSITES | ||
| 995 |
_D0.00 _FCBU-MAIN LIBRARY (Kitwe) _H1 _I0.00 _M1 _UAVAILABLE _ZMain Library Open Access Collection |
||
| 999 |
_c36976 _d36976 |
||